Ochrana práv cestujúcich v leteckej a autobusovej doprave diplomová práca

Na minha lista:
Detalhes bibliográficos
Autor principal: Hrončoková, Nikola
Autor Corporativo: Obchodná fakulta EU. Katedra obchodného práva
Outros Autores: Magurová, Hana, 1986-
Formato: Livro
Idioma:eslovaco
Publicado em: Bratislava 2018
Tags: Adicionar Tag
Sem tags, seja o primeiro a adicionar uma tag!

MARC

LEADER 00000nbm a2200000 4500
001 0243398
005 20180730094733.6
041 0 |a slo 
044 |a SK 
245 1 0 |a Ochrana práv cestujúcich v leteckej a autobusovej doprave  |b diplomová práca  |c Nikola Hrončoková ; školiteľ: Hana Magurová 
264 1 |a Bratislava  |c 2018 
300 |a 59 s. 
100 1 |a Hrončoková, Nikola 
700 1 |a Magurová, Hana, 1986- 
710 2 |a Obchodná fakulta EU. Katedra obchodného práva